[Event "Stay Safe Play From Home 300"]
[Site "Emanuel Lasker Arena"]
[Date "2020.07.13"]
[Round "4"]
[White "Greblah"]
[Black "Lazieri3"]
[Result "0-1"]
[WhiteElo "1946"]
[BlackElo "1946"]
[Annotator "TA"]
[PlyCount "164"]
[EventDate "2020.07.13"]
[EventType "swiss (blitz)"]

{[%evp 12,163,18,17,16,0,29,-29,-26,-48,0,0,0,-30,-36,-43,-22,-24,11,8,11,8,11,-23,28,35,46,56,58,52,64,23,37,0,77,-10,-4,-4,-2,-4,-4,-8,-7,-3,-5,-9,-11,-25,-24,-53,-45,-46,-40,-45,-16,-18,-18,-27,0,0,26,0,52,-19,0,-2,0,-39,-35,-43,-51,-133,-122,-107,-111,-120,-57,-48,0,-79,0,-148,-136,-143,0,0,0,0,0,0,0,0,0,0,0,-573,-561,-725,-710,-1821,-966,-1785,-1460,-5808,-2477,-1508,-1241,-29981,-29982,-29982,-29983,-29983,-29984,-29984,-29985,-12848,-12848,-29987,-12847,-12848,-12847,-12848,-12848,-12850,-12850,-12851,-12851,-12851,-27999,-12851,-27998,-27999,-27999,-27999,-27999,-27999,-27999,-27999,-27999,-27999,-27999,-27999,-27999,-27994,-27994,-27995,-27995,-27996,-27996,-27998,-27998,-27999,-27999,-27999]} 1. e4 c6 2. d4 d5 3. exd5 cxd5 4. Bd3 Nc6 5. Ne2 Nf6 6. c3 Bg4 7. O-O e6 {B13: Caro-Kann: Exchange Variation and Panov-Botvinnik Attack.} 8. Qe1 Bh5 {[#]} 9. f3 $146 (9. Nf4 $142) ({Predecessor:} 9. Nf4 Bg6 10. Nxg6 hxg6 11. Nd2 g5 12. Nf3 g4 13. Ne5 Bd6 14. Qe2 Nd7 15. Bf4 {0-1 (31) Kobalia,M (2620)-Truskavetsky,A (2393) Sochi 2018}) 9... Bg6 $11 {Black has an edge.} 10. Nf4 Bxd3 (10... Bd6 $5 {[%cal Rd6f4]} 11. Nxg6 hxg6 $11) 11. Nxd3 Bd6 12. Ne5 O-O 13. f4 Ne4 14. Nd2 Nxd2 15. Bxd2 Re8 16. Rf3 f6 17. Nd3 Qc7 (17... e5 $142 18. fxe5 fxe5 19. dxe5 Nxe5 20. Nxe5 Rxe5) 18. Qh4 f5 19. Rh3 g6 20. Re1 Qe7 21. Qh6 Qg7 22. Qh4 (22. Qg5 {is interesting.} Re7 23. Rg3 Nd8 24. Qh4 Nc6 25. Rge3) 22... Be7 (22... Qe7 $1 $11) 23. Qh6 ({Better is} 23. Qf2 $16) 23... Qxh6 24. Rxh6 Bf6 25. Nc5 Nd8 26. Rh3 b6 27. Nd7 Bg7 28. Rhe3 Kf7 29. b3 Nc6 30. Bc1 Rad8 (30... Re7 $5 31. Ne5+ $8 Nxe5 32. fxe5 g5 $11) 31. Ne5+ Nxe5 32. fxe5 Bh6 33. Rh3 Bxc1 34. Rxc1 {[%mdl 4096] Endgame KRR-KRR} Kg7 35. Kf2 Rc8 36. Ke2 Rc7 (36... Red8 $11) 37. Kd3 (37. c4 $14) 37... Rec8 38. a4 a6 39. Rf3 b5 40. axb5 axb5 41. Rf2 (41. h3 $1 $15) 41... Ra7 $17 42. h3 Ra3 43. Rb2 Rca8 (43... g5 $17) 44. g4 $15 Ra2 45. Kc2 (45. Rxa2 $11 {remains equal.} Rxa2 46. gxf5 gxf5 47. h4) 45... Ra1 ({Black should play} 45... Kh6 $17) 46. Rcb1 (46. Rxa1 $11 {keeps the balance.} Rxa1 47. c4) 46... Rxb1 $1 $17 47. Kxb1 {[#] KR-KR} Kf7 (47... Kh6 $1 $17 48. gxf5 gxf5) 48. Rf2 $11 Ke7 49. Kb2 Rf8 {Threatens to win with ...fxg4.} 50. g5 Ra8 51. Rf1 Kd7 52. Rc1 Kc6 53. c4 $2 {[%mdl 8192] Black continues to play with concentration.} (53. Kb1 $11 {and White stays safe.}) 53... bxc4 $19 54. bxc4 dxc4 55. Rxc4+ Kd5 56. Rb4 Rc8 57. h4 f4 58. Rb7 f3 59. Rxh7 Rf8 60. Rd7+ Ke4 61. Ra7 f2 62. Ra1 f1=Q 63. Rxf1 Rxf1 {KR-KP} 64. Kc3 Rf3+ (64... Kd5 $142 65. Kd3 {[#]} Rf4 $1 {[%mdl 512]} 66. Kc3 Rxd4 67. Kb3 Rxh4 68. Kc3 Rd4 69. Kb3 Rc4 70. Kb2 Kd4 71. Kb3 Kd3 72. Kb2 Rb4+ 73. Ka3 Kc3 74. Ka2 Ra4+ 75. Kb1 Ra7 76. Kc1 Ra1#) 65. Kc4 Rh3 66. Kc5 Rxh4 67. Kd6 Kxd4 68. Kxe6 {KR-KPP} Rf4 {( -> ...Rf5!)} 69. Kd6 {[#]} Rf5 $1 70. e6 Rxg5 {KR-KP} 71. e7 {Black mates.} Re5 72. Kd7 g5 73. e8=Q Rxe8 74. Kxe8 {KP-K} g4 75. Kf7 g3 76. Ke6 g2 77. Kd6 g1=Q 78. Kc6 Qg6+ 79. Kd7 Kd5 80. Ke7 Qg7+ 81. Ke8 Kc6 82. Kd8 Qf8# {Accuracy: White = 55%, Black = 75%.} 0-1

[Event "Stay Safe Play From Home 300"]
[Site "Emanuel Lasker Arena"]
[Date "2020.07.13"]
[Round "4"]
[White "Ironmike"]
[Black "Weltszmerc"]
[Result "0-1"]
[WhiteElo "1865"]
[BlackElo "1970"]
[Annotator "TA"]
[PlyCount "126"]
[EventDate "2020.07.13"]
[EventType "swiss (blitz)"]
[WhiteTeam "SV Horst-Emscher I"]

{[%evp 9,125,38,49,35,32,26,37,11,27,9,31,24,14,8,14,14,20,0,0,-10,0,0,0,0,0,0,0,0,4,0,9,9,9,0,0,0,0,0,0,0,0,0,0,-13,-14,-86,-85,-132,-101,-101,-101,-101,-101,-313,-101,-367,-357,-357,-352,-344,-344,-344,-101,-1498,-114,-1902,-733,-29976,-29977,-29977,-29978,-29980,-29981,-29981,-29973,-29974,-29974,-29975,-29976,-29976,-29977,-29976,-29977,-29984,-29985,-29984,-29985,-29985,-29984,-29988,-29989,-29989,-29990,-29990,-29989,-29989,-29990,-29990,-29991,-29991,-29992,-29993,-29992,-29996,-29993,-29996,-29992,-29992,-29993,-29993,-29994,-29995,-29995,-29996,-29997,-29998,-29999,-29999]} 1. e4 Nf6 2. Nc3 d5 3. exd5 Nxd5 4. d4 c6 5. Nf3 Bg4 6. Be2 {B02: Alekhine's Defence: Chase Variation and lines with early Nc3.} e6 7. O-O Be7 8. h3 {White is slightly better.} Bh5 9. Nxd5 {[#]} exd5 $146 (9... cxd5 {looks sharper.} 10. Bf4 Nc6 11. c3 O-O 12. Ne5 Bxe2 13. Qxe2 Bd6) ({Predecessor:} 9... Qxd5 10. c3 O-O 11. Qd3 Bg6 12. Qc4 Qxc4 13. Bxc4 b5 14. Bb3 a5 15. a4 b4 {½-½ (29) Stuska,P (1746)-Tejcek,B (1792) Karlovy Vary 2011}) 10. c3 O-O 11. Ne5 Bxe2 12. Qxe2 Nd7 13. Nxd7 Qxd7 14. Re1 Rfe8 15. Qf3 Bf6 (15... Bd6 {keeps more tension.} 16. Bf4 Bxf4 17. Qxf4 Re7 18. Rxe7 Qxe7 19. Qd2 Re8) 16. Bd2 Rxe1+ 17. Rxe1 Re8 18. Rxe8+ Qxe8 19. b3 Qe4 20. Qxe4 dxe4 $11 {[%mdl 4096] Endgame KB-KB} 21. Kf1 g6 22. Ke2 Bg7 23. f3 exf3+ 24. Kxf3 f5 25. Bg5 Kf7 26. g4 Ke6 27. gxf5+ (27. Be3 $11 {keeps the balance.}) 27... Kxf5 $17 {Black converts the advantage convincingly.} 28. Bd8 g5 29. Bc7 h5 30. Bb8 a6 31. a4 $2 {[#]} (31. Bc7 $17) 31... c5 $2 (31... Bh6 $19 32. c4 g4+ 33. Kg3 Ke4 34. hxg4 hxg4) 32. dxc5 $2 {[%mdl 8192]} (32. Ke3 $17 {was worth a try.}) 32... Bxc3 $19 33. Bd6 g4+ 34. hxg4+ hxg4+ 35. Kg2 Ke4 $2 (35... a5 $19 {has better winning chances. Hoping for ...Bb4.} 36. Kf1 Ke4) 36. Bf8 $2 {[%mdl 8192] [#]} (36. Kg3 $17) 36... Kd3 $2 (36... a5 $1 $19 {is more deadly. Strongly threatening ...Kd3.} 37. Be7 Kd3) 37. Kg3 $2 {[%mdl 8192]} (37. b4 $17) 37... Kc2 (37... Bb4 $142 38. Kxg4 Kc3) 38. Kxg4 Kxb3 {Black mates.} 39. a5 Bxa5 40. Kf5 Kc4 41. Ke4 Bc7 42. Ke3 a5 43. Kd2 Be5 44. Kc2 Bd4 45. c6 bxc6 46. Kb1 Kb3 47. Kc1 a4 48. Kd2 a3 49. Kd3 a2 50. Kxd4 a1=Q+ 51. Ke4 Qa5 52. Bg7 Qd5+ 53. Ke3 c5 {[%cal Bc6c5,Bc5c4,Bc4c3,Bc3c2][%mdl 32]} 54. Ke2 c4 55. Bh6 Qd3+ 56. Ke1 c3 57. Bf4 c2 58. Kf2 Kc4 59. Kg2 Kd5 60. Bh6 Ke4 61. Kf2 Qf3+ 62. Ke1 Kd3 {[%csl Gd3][%cal Rf3e2]} 63. Bd2 Qe2# {Accuracy: White = 64%, Black = 75%.} 0-1

[Event "Stay Safe Play From Home 300"]
[Site "Emanuel Lasker Arena"]
[Date "2020.07.13"]
[Round "4"]
[White "Lucknow"]
[Black "Klasman"]
[Result "1-0"]
[WhiteElo "1841"]
[BlackElo "1580"]
[Annotator "NA RC"]
[PlyCount "51"]
[EventDate "2020.07.13"]
[EventType "swiss (blitz)"]

1. d4 {[%emt 0:00:03]} f5 {[%emt 0:00:01]} 2. c4 {[%emt 0:00:00]} Nf6 {[%emt 0:00:01]} 3. g3 {[%emt 0:00:01]} e6 {[%emt 0:00:01]} 4. Bg2 {[%emt 0:00:01]} d5 {[%emt 0:00:01]} 5. Nf3 {[%emt 0:00:01]} c5 {[%emt 0:00:02]} 6. cxd5 {[%emt 0:00:03]} exd5 {[%emt 0:00:02]} 7. O-O {[%emt 0:00:01]} cxd4 {[%emt 0:00:04]} 8. Nxd4 {[%emt 0:00:02]} Nc6 {[%emt 0:00:01]} 9. Nc3 {[%emt 0:00:02]} Bc5 {[%emt 0:00:07]} 10. Nf3 {[%emt 0:00:05]} d4 {[%emt 0:00:10]} 11. Na4 {[%emt 0:00:02]} Bb6 {[%emt 0:00:14]} 12. Bg5 {[%emt 0:00:04]} O-O {[%emt 0:00:13]} 13. Qb3+ {[%emt 0:00:02]} Kh8 {[%emt 0:00:05]} 14. Rad1 {[%emt 0:00:04]} Qd5 {[%emt 0:00:19]} 15. Qxd5 {[%emt 0:00:14]} Nxd5 {[%emt 0:00:02]} 16. Nxb6 {[%emt 0:00:04]} axb6 {[%emt 0:00:03]} 17. Nxd4 {[%emt 0:00:02]} Nxd4 {[%emt 0:00:17]} 18. Rxd4 {[%emt 0:00:01]} Nf6 {[%emt 0:00:20]} 19. Bxf6 {[%emt 0:00:08]} gxf6 {[%emt 0:00:01]} 20. a3 {[%emt 0:00:01]} Re8 {[%emt 0:00:11]} 21. Bf3 {[%emt 0:00:04]} Ra5 {[%emt 0:00:25]} 22. Rc1 {[%emt 0:00:06]} Rc5 {[%emt 0:00:07]} 23. Rdc4 {[%emt 0:00:09]} Rxc4 {[%emt 0:00:06]} 24. Rxc4 {[%emt 0:00:00]} b5 {[%emt 0:00:01]} 25. Rc5 {[%emt 0:00:02]} Bd7 {[%emt 0:00:05]} 26. Bxb7 {[%emt 0:00:03] Time (Lag: Av=0.49s, max=1.1s)} 1-0

[Event "Stay Safe Play From Home 300"]
[Site "Emanuel Lasker Arena"]
[Date "2020.07.13"]
[Round "4"]
[White "Tunca"]
[Black "AChessPlayer"]
[Result "0-1"]
[WhiteElo "1652"]
[BlackElo "2312"]
[Annotator "TA"]
[PlyCount "74"]
[EventDate "2020.07.13"]
[EventType "swiss (blitz)"]

{[%evp 23,74,-25,-17,-17,-17,-25,-24,-29,-22,-65,-61,-75,-59,-60,-80,-117,-118,-118,-103,-140,-139,-158,-120,-116,-115,-142,-81,-102,-94,-105,-66,-131,-94,-199,-188,-396,-173,-190,-132,-153,-160,-130,-114,-106,-98,-89,-80,-84,-60,-60,0,-1017,-1017]} 1. e4 e5 2. Nf3 Nc6 3. Bb5 a6 4. Ba4 Nf6 5. O-O Be7 6. Re1 b5 7. Bb3 d6 8. d3 O-O 9. h3 Na5 10. Nbd2 c5 11. c3 Nxb3 12. axb3 Bb7 13. Nf1 {C90: Closed Ruy Lopez with 7...d6: Early deviations.} Re8 14. Ng3 Bf8 {[#]} 15. Bg5 $146 {Black has an edge.} ({Predecessor:} 15. c4 g6 16. Nh2 Bg7 17. Be3 Bc6 18. Qd2 Qb6 19. Reb1 a5 20. Bh6 Bd7 21. Nf3 {½-½ (50) Esadze,T (1911)-Terbe,J (2260) Batumi 2018}) 15... h6 16. Be3 d5 17. Qc2 Qc7 18. Nh4 c4 19. exd5 cxd3 ({Reject} 19... Nxd5 $6 20. dxc4 bxc4 21. Nhf5 $15) (19... Bxd5 $6 20. bxc4 bxc4 21. d4 $11) 20. Qxd3 {Threatening c4.} Nxd5 ({Don't play} 20... Bxd5 $6 21. Nh5 $11) 21. Qf5 g6 22. Qg4 Nf6 23. Qe2 Rad8 24. Rad1 {[#]} Bd5 ({Better is} 24... Nd5 $1 25. Nf1 Qc6) 25. Qc2 Bg7 26. Rd2 Be6 27. Red1 (27. Rxd8 $15 Rxd8 28. Qc1) 27... Rxd2 {[%mdl 64] Overworked Piece} 28. Qxd2 (28. Bxd2 $17 {might work better.} Nd5 29. Nf3) 28... Bxb3 $19 29. Qd6 $2 (29. Re1) 29... Qb7 (29... Qc4 $142 30. Nf3 Bxd1 31. Qxd1 Nd5) 30. Ra1 Nd5 ({Black should try} 30... Re6 $19 31. Qd2 Kh7) 31. Qxa6 Qxa6 32. Rxa6 Nxe3 33. fxe3 e4 34. Ne2 Be6 {[#] And now ...g5 would win.} 35. g4 Bc4 36. Nd4 b4 (36... Rc8 $15 37. Ra5 Bd3) 37. Ng2 $2 {[%mdl 8192]} (37. Ra4 $11) 37... Bxa6 {Accuracy: White = 57%, Black = 61%.} 0-1

[Event "Stay Safe Play From Home 300"]
[Site "Emanuel Lasker Arena"]
[Date "2020.07.13"]
[Round "4"]
[White "Robk"]
[Black "Timbre"]
[Result "0-1"]
[WhiteElo "1555"]
[BlackElo "1506"]
[Annotator "NA RC"]
[PlyCount "56"]
[EventDate "2020.07.13"]
[EventType "swiss (blitz)"]

1. e4 {[%emt 0:00:03]} c6 {[%emt 0:00:18]} 2. d4 {[%emt 0:00:02]} d5 {[%emt 0:00:02]} 3. exd5 {[%emt 0:00:00]} cxd5 {[%emt 0:00:02]} 4. c4 {[%emt 0:00:00]} Nf6 {[%emt 0:00:02]} 5. Nc3 {[%emt 0:00:01]} Nc6 {[%emt 0:00:03]} 6. cxd5 {[%emt 0:00:03]} Nxd5 {[%emt 0:00:02]} 7. Nf3 {[%emt 0:00:01]} e6 {[%emt 0:00:02]} 8. Bd3 {[%emt 0:00:02]} Bb4 {[%emt 0:00:02]} 9. Bd2 {[%emt 0:00:03]} a6 {[%emt 0:00:04]} 10. O-O {[%emt 0:00:02]} O-O {[%emt 0:00:01]} 11. Nxd5 {[%emt 0:00:10]} Bxd2 {[%emt 0:00:08]} 12. Qxd2 {[%emt 0:00:18]} exd5 {[%emt 0:00:02]} 13. h4 {[%emt 0:00:05]} h6 {[%emt 0:00:06]} 14. Rfe1 {[%emt 0:00:05]} Bg4 {[%emt 0:00:03]} 15. Ne5 {[%emt 0:00:03]} Nxe5 {[%emt 0:00:03]} 16. dxe5 {[%emt 0:00:03]} Qxh4 {[%emt 0:00:04]} 17. g3 {[%emt 0:00:10]} Qh5 {[%emt 0:00:03]} 18. Bf1 {[%emt 0:00:02]} Be6 {[%emt 0:00:03]} 19. Bg2 {[%emt 0:00:03]} Rac8 {[%emt 0:00:04]} 20. Rad1 {[%emt 0:00:04]} Qg6 {[%emt 0:00:02]} 21. Qa5 {[%emt 0:00:03]} Rc2 {[%emt 0:00:06]} 22. Bxd5 {[%emt 0:00:03]} Rxb2 {[%emt 0:00:05]} 23. Bxe6 {[%emt 0:00:10]} fxe6 {[%emt 0:00:03]} 24. Rd6 {[%emt 0:00:08]} Rfxf2 {[%emt 0:00:05]} 25. Qd8+ {[%emt 0:00:17]} Kh7 {[%emt 0:00:03]} 26. Qh4 {[%emt 0:00:07]} Rg2+ {[%emt 0:00:10]} 27. Kh1 {[%emt 0:00:01]} Rxg3 {[%emt 0:00:16]} 28. Qe4 {[%emt 0:00:07]} Rh3# {[%emt 0:00:05] (Lag: Av=0.59s, max=1.3s)} 0-1

[Event "Stay Safe Play From Home 300"]
[Site "Emanuel Lasker Arena"]
[Date "2020.07.13"]
[Round "5"]
[White "AChessPlayer"]
[Black "Haris kollari 13"]
[Result "1-0"]
[WhiteElo "2312"]
[BlackElo "1941"]
[Annotator "NA RC"]
[PlyCount "51"]
[EventDate "2020.07.13"]
[EventType "swiss (blitz)"]

1. d4 {[%emt 0:00:04]} e6 {[%emt 0:00:03]} 2. c4 {[%emt 0:00:02]} d5 {[%emt 0:00:01]} 3. Nc3 {[%emt 0:00:01]} c6 {[%emt 0:00:01]} 4. e4 {[%emt 0:00:03]} Nf6 {[%emt 0:00:04]} 5. e5 {[%emt 0:00:02]} Nfd7 {[%emt 0:00:01]} 6. Nf3 {[%emt 0:00:06]} Be7 {[%emt 0:00:01]} 7. Bd3 {[%emt 0:00:01]} Nb6 {[%emt 0:00:01]} 8. b3 {[%emt 0:00:08]} O-O {[%emt 0:00:05]} 9. h4 {[%emt 0:00:01]} f6 {[%emt 0:00:01]} 10. Bxh7+ {[%emt 0:00:41]} Kxh7 {[%emt 0:00:03]} 11. Ng5+ {[%emt 0:00:00]} fxg5 {[%emt 0:00:02]} 12. Qh5+ {[%emt 0:00:01]} Kg8 {[%emt 0:00:03]} 13. hxg5 {[%emt 0:00:00]} Rf5 {[%emt 0:00:19]} 14. g4 {[%emt 0:00:02]} Rxg5 {[%emt 0:00:06]} 15. Bxg5 {[%emt 0:00:09]} Bxg5 {[%emt 0:00:01]} 16. Qg6 {[%emt 0:00:31]} dxc4 {[%emt 0:00:18]} 17. Rh7 {[%emt 0:00:04]} Qe7 {[%emt 0:00:01]} 18. Qh5 {[%emt 0:00:03]} Bh6 {[%emt 0:00:04]} 19. Qg6 {[%emt 0:00:08]} Bf4 {[%emt 0:00:22]} 20. Ne4 {[%emt 0:00:09]} Nd5 {[%emt 0:00:04]} 21. g5 {[%emt 0:00:10]} Qf7 {[%emt 0:00:06]} 22. Rh8+ {[%emt 0:00:01]} Kxh8 {[%emt 0:00:02]} 23. Qxf7 {[%emt 0:00:00]} Nd7 {[%emt 0:00:13]} 24. Ke2 {[%emt 0:00:01]} Bxg5 {[%emt 0:00:10]} 25. Nxg5 {[%emt 0:00:03]} Nxe5 {[%emt 0:00:04]} 26. Rh1# {[%emt 0:00:00] (Lag: Av=0.78s, max=1.9s)} 1-0

[Event "Stay Safe Play From Home 300"]
[Site "Emanuel Lasker Arena"]
[Date "2020.07.13"]
[Round "5"]
[White "Weltszmerc"]
[Black "Lucknow"]
[Result "1-0"]
[WhiteElo "1982"]
[BlackElo "1847"]
[Annotator "TA"]
[PlyCount "91"]
[EventDate "2020.07.13"]
[EventType "swiss (blitz)"]

{[%evp 14,91,35,24,49,11,33,-27,-25,-29,-31,-23,-37,-150,-136,-145,-55,-103,-37,-66,-61,-63,-56,-57,-46,-51,-31,-48,-48,-56,0,-3,-8,-66,-60,-62,-47,-60,-49,-50,-52,-69,-70,-74,-71,-59,-51,-67,-60,-108,-106,-131,-137,-161,-166,-159,-154,-164,-155,-244,-153,-215,-124,-167,-157,-154,-85,-87,-101,-219,-58,-50,-45,-69,0,0,0,0,41,32]} 1. d4 d5 2. c4 c6 3. Nf3 Nf6 4. g3 g6 5. Bg2 Bg7 6. O-O O-O 7. b3 Nbd7 8. Bb2 Nb6 {D78: Fianchetto Grünfeld: 6 0-0 c6.} 9. Ne5 {[#]} Nfd7 $146 ({Predecessor:} 9... Be6 10. Nd2 Nfd7 11. Nxd7 Qxd7 12. c5 Nc8 13. e4 dxe4 14. Nxe4 f6 15. Re1 Bf7 16. Nc3 e6 17. b4 f5 18. Ne2 Ne7 19. a4 Nd5 20. Qd2 {½-½ (20) Fuchsgruber,H-Kloeckner,G Bayern 1998}) 10. c5 (10. Nxd7 $14 Bxd7 11. c5) 10... Nxe5 $11 {Black has an edge.} 11. cxb6 Nd7 12. bxa7 Rxa7 13. e4 (13. Nd2 $15) 13... dxe4 $17 14. Bxe4 {[#]} Nb6 (14... Nc5 $1 $17 {[%cal Rc5e4][%mdl 512]} 15. Nd2 (15. dxc5 Bxb2) 15... Bxd4 16. Bxd4 Qxd4) 15. Qd3 Nd5 (15... f5 $17 16. Bg2 e5 $1 {[%mdl 512]}) 16. a3 Be6 17. Nd2 Qd7 18. Rfe1 Nf6 19. Bg2 Rd8 20. Nc4 Bd5 21. Nb6 Qd6 ({Black should try} 21... Qc7 $15 22. Nxd5 Nxd5) 22. Nxd5 $11 Nxd5 23. Qe4 (23. Bxd5 $11 cxd5 24. Rac1) 23... e6 $15 24. Rad1 Qd7 25. h3 Bf8 26. b4 Bg7 27. Bf1 Raa8 28. Rd2 Qc7 29. Red1 Rd7 30. h4 Rad8 31. h5 Nf6 32. Qh4 Nxh5 33. b5 Nf6 34. bxc6 bxc6 35. Rc2 Qb6 36. Bg2 (36. a4 $17 {was called for.}) 36... Nd5 37. Bc1 (37. Rd3 $17) 37... Rc8 (37... Ne7 $19 {White must now prevent ...Nf5.} 38. Kh2 Nf5) 38. Bh6 Bxh6 39. Qxh6 Nf6 (39... Ne7 $142 {Hoping for ...Nf5.} 40. Rc4 Nf5) 40. Qf4 Kg7 41. Rc5 {[#]} (41. Rc4 $17 {might work better.}) 41... Nd5 $2 (41... Qxc5 $1 $19 {[%mdl 512]} 42. dxc5 Rxd1+ 43. Kh2 h5) 42. Qe5+ Kg8 43. Rdc1 Rdc7 (43... Qb2 $15 44. R1c4 Qa1+ 45. Kh2 Qxa3 46. Rxc6 Rcd8) 44. a4 $11 Qa7 45. a5 Qb7 46. Bf1 {Accuracy: White = 58%, Black = 58%.} 1-0

[Event "Stay Safe Play From Home 300"]
[Site "Emanuel Lasker Arena"]
[Date "2020.07.13"]
[Round "5"]
[White "Chesstiger9"]
[Black "Mepe_Nika"]
[Result "0-1"]
[WhiteElo "1968"]
[BlackElo "2403"]
[Annotator "TA"]
[PlyCount "46"]
[EventDate "2020.07.13"]
[EventType "swiss (blitz)"]

{[%evp 11,46,-1,5,-27,-24,-38,-35,-51,-36,-89,-77,-108,-108,-102,-61,-143,-82,-164,-47,-216,-63,-105,-119,-109,-105,-116,-138,-119,-94,-134,-91,-307,-299,-713,-714,-693,-679]} 1. c4 c6 2. Nc3 d5 3. cxd5 cxd5 4. d4 Nf6 5. Nf3 Nc6 6. g3 Bf5 7. Bf4 {D13: Slav Defence: Exchange variation without ...Bf5.} e6 8. Bg2 Qb6 {[#]} 9. O-O $146 {Black is slightly better.} ({Predecessor:} 9. Bc1 Nb4 10. Qa4+ Qc6 11. Qxc6+ bxc6 12. O-O Nc2 13. Rb1 Nxd4 14. Nxd4 Bxb1 15. Nxc6 Bg6 16. Nb5 Kd7 17. Ne5+ Kc8 18. Be3 a6 19. Rc1+ Kb7 20. Rc7+ Kb8 21. Nc6# {1-0 (21) Faqeeh,R (1400)-Rawan,E (1568) Batumi 2018}) 9... Qxb2 10. Na4 (10. Rc1 $15) 10... Qa3 11. Qb3 Qxb3 12. axb3 Bb4 13. e3 (13. Nc5 $15) 13... Ke7 (13... Nd7 $142 {aiming for ...f6.} 14. Rfc1 h6) 14. Rfc1 {[#]} (14. Nc5 $17) 14... h6 (14... Nd7 $1 $19 15. Nh4 Bd3) 15. h4 $2 {[#]} (15. Nc5 $15) 15... Ne4 $2 ({Black should play} 15... Nd7 $1 $19 16. Nh2 Rhc8) 16. Nc5 Nxc5 17. dxc5 f6 {White must now prevent ...e5.} 18. Bd6+ Kd7 19. Nd4 Bd3 20. Bh3 Rhe8 21. f4 $2 (21. Rd1 $17 Nxd4 22. Rxd3 Nf3+ 23. Kf1) 21... Bd2 $1 $19 {[%csl LRc1,LRe3][%mdl 64] Double Attack} 22. Rd1 $2 (22. Kf2 Bxc1 23. Rxc1) 22... Bxe3+ {[%mdl 64] Double Attack} 23. Kh2 Bxd4 {Accuracy: White = 18%, Black = 42%.} 0-1

[Event "Stay Safe Play From Home 300"]
[Site "Emanuel Lasker Arena"]
[Date "2020.07.13"]
[Round "5"]
[White "Lazieri3"]
[Black "Sfantul321"]
[Result "1-0"]
[WhiteElo "1963"]
[BlackElo "2049"]
[Annotator "NA RC"]
[PlyCount "73"]
[EventDate "2020.07.13"]
[EventType "swiss (blitz)"]

1. e4 {[%emt 0:00:01]} e5 {[%emt 0:00:01]} 2. Nf3 {[%emt 0:00:01]} Nc6 {[%emt 0:00:01]} 3. Nc3 {[%emt 0:00:01]} Nf6 {[%emt 0:00:01]} 4. d4 {[%emt 0:00:01]} exd4 {[%emt 0:00:01]} 5. Nxd4 {[%emt 0:00:00]} Bb4 {[%emt 0:00:01]} 6. Nxc6 {[%emt 0:00:01]} bxc6 {[%emt 0:00:01]} 7. Bd3 {[%emt 0:00:01]} O-O {[%emt 0:00:01]} 8. O-O {[%emt 0:00:01]} Re8 {[%emt 0:00:01]} 9. Bg5 {[%emt 0:00:02]} h6 {[%emt 0:00:01]} 10. Bh4 {[%emt 0:00:01]} d6 {[%emt 0:00:01]} 11. Qf3 {[%emt 0:00:03]} g5 {[%emt 0:00:04]} 12. Bg3 {[%emt 0:00:02]} Bc5 {[%emt 0:00:03]} 13. h3 {[%emt 0:00:04]} g4 {[%emt 0:00:02]} 14. hxg4 {[%emt 0:00:06]} Bxg4 {[%emt 0:00:02]} 15. Qf4 {[%emt 0:00:01]} Kg7 {[%emt 0:00:01]} 16. Bh4 {[%emt 0:00:05]} Be6 {[%emt 0:00:08]} 17. Rae1 {[%emt 0:00:13]} Bd4 {[%emt 0:00:01]} 18. Re3 {[%emt 0:00:06]} Be5 {[%emt 0:00:03]} 19. Qf3 {[%emt 0:00:29]} Kh7 {[%emt 0:00:02]} 20. Ree1 {[%emt 0:00:12]} Rg8 {[%emt 0:00:02]} 21. Bxf6 {[%emt 0:00:10]} Qxf6 {[%emt 0:00:06]} 22. Qxf6 {[%emt 0:00:01]} Bxf6 {[%emt 0:00:01]} 23. e5+ {[%emt 0:00:01]} Kg7 {[%emt 0:00:04]} 24. exf6+ {[%emt 0:00:02]} Kxf6 {[%emt 0:00:01]} 25. Ne4+ {[%emt 0:00:01]} Ke7 {[%emt 0:00:01]} 26. Ng3 {[%emt 0:00:01]} Kf6 {[%emt 0:00:03]} 27. Re3 {[%emt 0:00:04]} d5 {[%emt 0:00:02]} 28. Rf3+ {[%emt 0:00:02]} Ke7 {[%emt 0:00:01]} 29. Re1 {[%emt 0:00:01]} Kd6 {[%emt 0:00:01]} 30. Bf5 {[%emt 0:00:02]} Rg5 {[%emt 0:00:06]} 31. Bxe6 {[%emt 0:00:01]} fxe6 {[%emt 0:00:01]} 32. Rf6 {[%emt 0:00:01]} Re8 {[%emt 0:00:01]} 33. Rxh6 {[%emt 0:00:01]} Kd7 {[%emt 0:00:02]} 34. Rh7+ {[%emt 0:00:04]} Kd6 {[%emt 0:00:01]} 35. c3 {[%emt 0:00:03]} c5 {[%emt 0:00:01]} 36. Rd1 {[%emt 0:00:01]} c4 {[%emt 0:00:01]} 37. Ne4+ {[%emt 0:00:01] Sfantul321 resigns (Lag: Av=0.44s, max=1.1s)} 1-0

[Event "Stay Safe Play From Home 300"]
[Site "Emanuel Lasker Arena"]
[Date "2020.07.13"]
[Round "5"]
[White "Greblah"]
[Black "Tunca"]
[Result "1-0"]
[WhiteElo "1929"]
[BlackElo "1651"]
[Annotator "TA"]
[PlyCount "51"]
[EventDate "2020.07.13"]
[EventType "swiss (blitz)"]

{[%evp 14,51,-15,-9,9,-36,9,-70,16,0,39,-22,-16,-14,-10,-12,23,18,28,18,146,50,68,45,50,53,120,118,117,108,118,23,823,60,284,304,281,297,367,345]} 1. e4 e5 2. Nf3 Nc6 3. Bb5 a6 4. Ba4 Nf6 5. Qe2 b5 6. Bb3 Bc5 7. c3 O-O 8. d3 d5 {C77: Ruy Lopez: 3...a6 4 Ba4 Nf6, unusual lines.} 9. Nbd2 Bg4 {[#]} 10. Nf1 $146 (10. h3 $11 Be6 11. exd5 Bxd5 12. Ne4) ({Predecessor:} 10. h3 Bh5 11. Nf1 Re8 12. Ng3 Bg6 13. O-O Rb8 14. Bg5 dxe4 15. dxe4 h6 16. Bh4 {1-0 (59) Tishin,D (2414)-Arutyunova,D (2115) Alushta 2001}) 10... Re8 (10... a5 $15) 11. Ng3 a5 {[%cal Ba6a5,Ba5a4][%mdl 32]} 12. h3 ({Better is} 12. Bg5 $14) 12... Bxf3 13. Qxf3 a4 14. Bc2 dxe4 15. dxe4 Ne7 16. Bg5 Ng6 (16... Ra6 $1 $11) 17. Nf5 ({White should play} 17. Rd1 $16 Qc8 18. Bxf6 gxf6 19. Nh5 (19. Qxf6 Be7 $16)) 17... Re6 18. Rd1 Qe8 19. O-O Rd8 ({Black should try} 19... Qc6 $14) 20. Rxd8 $16 Qxd8 21. Rd1 $36 {[%mdl 2048] White has strong initiative.} Qe8 22. Nh6+ (22. b3 $16) 22... Kh8 $2 {[%mdl 8192] [#]} (22... gxh6 $11 23. Bxf6 Qc6) 23. Ng4 $2 (23. Rd8 $1 $18 {[%cal Rd8e8][%mdl 512]} Qf8 (23... Qxd8 24. Nxf7+) 24. Rxf8+ Nxf8 25. Nxf7+ Kg8 26. Nh6+ $1 {[%mdl 512]} Kh8 27. Qf5) 23... Nxg4 $2 {[#]} (23... Be7 $14) 24. Rd8 $1 $18 ({Weaker is} 24. Qxg4 Ne7 $14) 24... Qxd8 ({Much worse is} 24... Bxf2+ 25. Kh1 $18) 25. Bxd8 Nf6 26. Bxc7 {Accuracy: White = 41%, Black = 37%.} 1-0